[Event "North Urals Cup"]
[Site "Krasnoturyinsk RUS"]
[Date "2006.07.31"]
[Round "8"]
[White "Matveeva,S"]
[Black "Lahno,Kateri"]
[Result "0-1"]
[WhiteElo "2454"]
[BlackElo "2449"]
[EventDate "2006.07.23"]

1. d4 Nf6 2. c4 e6 3. Nc3 Bb4 4. e3 O-O 5. Bd3 d5 6. Nf3 c5 7. O-O Nc6 8.
a3 Ba5 9. h3 Qe7 10. Bd2 dxc4 11. Bxc4 Rd8 12. b4 cxb4 13. axb4 Bxb4 14.
Qc2 b6 15. Rfb1 Bb7 16. Bb5 Rac8 17. Qa4 a5 18. Rc1 e5 19. Ne2 Bxd2 20.
Nxd2 Nb4 21. Rxc8 Rxc8 22. Nc4 exd4 23. Nxb6 Qe4 24. f3 Qxe3+ 25. Kh1 Rd8
26. Qxa5 d3 27. Ng3 d2 28. Be2 Nc6 29. Qa4 Qxb6 0-1

[Event "North Urals Cup"]
[Site "Krasnoturyinsk RUS"]
[Date "2006.07.31"]
[Round "8"]
[White "Mkrtchian,L"]
[Black "Kosintseva,T"]
[Result "1-0"]
[WhiteElo "2459"]
[BlackElo "2479"]
[EventDate "2006.07.23"]

1. e4 e5 2. Nf3 Nc6 3. Bb5 a6 4. Ba4 Nf6 5. d3 b5 6. Bb3 Bc5 7. Nc3 d6 8.
Nd5 h6 9. c3 Rb8 10. O-O O-O 11. Re1 Ba7 12. h3 Be6 13. d4 exd4 14. cxd4
Bxd5 15. exd5 Ne7 16. Nh4 Qd7 17. Rxe7 Qxe7 18. Nf5 Qd7 19. Bc2 g6 20. Bxh6
Rfe8 21. Qf3 Rbc8 22. Qf4 Nh7 23. Rd1 Re2 24. Bd3 Rxb2 25. Qg4 Re8 26. Bc1
Nf6 27. Qh4 Nxd5 28. Bxb2 gxf5 29. Qg5+ Kf8 30. Bxf5 Qc6 31. Rc1 Qb7 32.
Qh6+ Ke7 33. Qh4+ f6 34. Qh7+ Kf8 35. Bg6 1-0

[Event "North Urals Cup"]
[Site "Krasnoturyinsk RUS"]
[Date "2006.07.31"]
[Round "8"]
[White "Cmilyte,V"]
[Black "Chiburdanidze,M"]
[Result "0-1"]
[WhiteElo "2476"]
[BlackElo "2504"]
[EventDate "2006.07.23"]

1. d4 Nf6 2. c4 e6 3. Nc3 Bb4 4. Nf3 c5 5. g3 Nc6 6. dxc5 Ne4 7. Qc2 Nxc3
8. bxc3 Bxc5 9. Bg2 b6 10. O-O Bb7 11. Bf4 Na5 12. Ne5 Bxg2 13. Kxg2 f6 14.
Nd3 Qe7 15. Rad1 Rc8 16. Qa4 e5 17. Bc1 Qe6 18. Nb2 Qc6+ 19. Qxc6 Rxc6 20.
f4 Ba3 21. fxe5 Bxb2 22. Bxb2 Nxc4 23. Bc1 Nxe5 24. Bb2 Ke7 25. Rd5 Nc4 26.
Bc1 Re6 27. Rfd1 d6 28. Kf2 Rc8 29. Bf4 g5 30. Bc1 Ne5 31. Bd2 Ng4+ 32. Kg2
Rxe2+ 33. Kf3 Re5 34. Rxe5+ Nxe5+ 35. Ke2 Rc4 36. Rc1 Re4+ 37. Kf2 Nd3+ 38.
Kf3 d5 39. Rd1 g4+ 40. Kg2 Re2+ 41. Kg1 Ne5 42. Bf4 Ke6 0-1

[Event "North Urals Cup"]
[Site "Krasnoturyinsk RUS"]
[Date "2006.07.31"]
[Round "8"]
[White "Stefanova,A"]
[Black "Hou Yifan"]
[Result "1-0"]
[WhiteElo "2520"]
[BlackElo "2488"]
[EventDate "2006.07.23"]

1. d4 e6 2. Nf3 Nf6 3. Bg5 c5 4. e3 Be7 5. Nbd2 b6 6. c3 Bb7 7. Bd3 cxd4 8.
cxd4 Nc6 9. a3 Nd5 10. Ne4 d6 11. Rc1 O-O 12. O-O Rc8 13. Bb1 f5 14. Bxe7
Qxe7 15. Ng3 Na5 16. Qd3 Nf6 17. Nd2 Bc6 18. b4 Nb7 19. Qa6 Qd7 20. Bd3 Nd8
21. e4 fxe4 22. Ndxe4 Nf7 23. Nxf6+ gxf6 24. b5 Bd5 25. Nh5 Qd8 26. Rxc8
Qxc8 27. Nxf6+ Kg7 28. Nxd5 exd5 29. Qxa7 Qc3 30. Bb1 Qxd4 31. Qd7 Qf4 32.
Qc7 Kh8 33. Qxb6 Re8 34. Qc6 Qe5 35. Ba2 Ng5 36. Qxd5 Qf4 37. b6 Qg4 38.
Kh1 Ne4 39. Qd4+ Qg7 40. Qxg7+ Kxg7 41. b7 Nc5 42. Bd5 Kf6 43. f4 Kf5 44.
g3 Na6 45. Rc1 Nc5 46. Rb1 Rb8 47. Rb6 Ne4 48. Ra6 1-0

[Event "North Urals Cup"]
[Site "Krasnoturyinsk RUS"]
[Date "2006.07.01"]
[Round "9"]
[White "Lahno,Kateri"]
[Black "Stefanova,A"]
[Result "1/2-1/2"]
[WhiteElo "2449"]
[BlackElo "2520"]
[EventDate "2006.07.23"]

1. e4 e5 2. Nf3 Nc6 3. Bb5 a6 4. Ba4 Nf6 5. O-O b5 6. Bb3 Bc5 7. a4 Rb8 8.
axb5 axb5 9. Nxe5 Nxe5 10. d4 Bxd4 11. Qxd4 1/2-1/2

[Event "North Urals Cup"]
[Site "Krasnoturyinsk RUS"]
[Date "2006.07.01"]
[Round "9"]
[White "Kosintseva,N"]
[Black "Mkrtchian,L"]
[Result "1-0"]
[WhiteElo "2472"]
[BlackElo "2459"]
[EventDate "2006.07.23"]

1. d4 Nf6 2. Nf3 e6 3. c4 c5 4. g3 d5 5. Bg2 Nc6 6. O-O Be7 7. Nc3 O-O 8.
cxd5 exd5 9. Bg5 cxd4 10. Nxd4 h6 11. Bf4 Bg4 12. h3 Bh5 13. Rc1 Qd7 14.
Qa4 Rac8 15. Rfd1 Nxd4 16. Rxd4 b5 17. Qb3 b4 18. Nxd5 Rxc1+ 19. Bxc1 Nxd5
20. Rxd5 Qc8 21. Bxh6 Bxe2 22. Qe3 Bf6 23. Qxe2 gxh6 24. Kh2 Rd8 25. Ra5
Qe6 26. Qc2 Bd4 27. Rh5 Bb6 28. Rh4 Rd4 29. Rh5 Qd6 30. Rf5 Rd2 31. Qc8+
Kg7 32. Rf4 Rd4 33. Be4 h5 34. Qf5 Qe6 35. Qg5+ Kf8 36. Qxh5 Rd2 37. Bg2
Rxf2 38. Qh8+ Ke7 39. Qh4+ Kf8 40. Rxf2 Bxf2 41. Qxb4+ Kg7 42. h4 Qxa2 43.
Qg4+ Kf8 44. Qc8+ Kg7 45. Qc3+ Kg8 46. Qd2 Bb6 47. Qg5+ Kf8 48. h5 Qxb2 49.
h6 Qd4 50. h7 Qg7 51. Qh4 Qh8 52. Be4 f6 53. Qh6+ Ke7 54. Qg6 f5 55. Bxf5
Qb2+ 56. Kh3 Bd4 57. Qe6+ Kf8 58. Bg6 Kg7 59. Qg8+ Kh6 60. Be4 Bg7 61. h8=Q
1-0

[Event "North Urals Cup"]
[Site "Krasnoturyinsk RUS"]
[Date "2006.07.01"]
[Round "9"]
[White "Kosintseva,T"]
[Black "Matveeva,S"]
[Result "1-0"]
[WhiteElo "2479"]
[BlackElo "2454"]
[EventDate "2006.07.23"]

1. e4 e6 2. d4 d5 3. Nc3 Nf6 4. e5 Nfd7 5. f4 c5 6. Nf3 Nc6 7. Be3 Rb8 8.
Qd2 Qa5 9. a3 b5 10. Ra2 Be7 11. Be2 O-O 12. O-O b4 13. axb4 Qxb4 14. dxc5
Bxc5 15. Bxc5 Qxc5+ 16. Kh1 f6 17. exf6 Nxf6 18. Bd3 Ne4 19. Qe2 Nxc3 20.
bxc3 h6 21. Ne5 Qxc3 22. Nxc6 Qxc6 23. Rxa7 Qb6 24. Raa1 Qd6 25. Qh5 Rf6
26. Qe8+ Qf8 27. Qc6 Bb7 28. Qc7 d4 29. Rab1 Rf7 30. Qe5 Rd8 31. Qxe6 Rd6
32. Qe5 Rd5 33. Qe4 Qa8 34. Qh7+ Kf8 35. Rfe1 Rf6 36. Qh8+ Kf7 37. Rxb7+
1-0

[Event "North Urals Cup"]
[Site "Krasnoturyinsk RUS"]
[Date "2006.07.01"]
[Round "9"]
[White "Hou Yifan"]
[Black "Cmilyte,V"]
[Result "1/2-1/2"]
[WhiteElo "2488"]
[BlackElo "2476"]
[EventDate "2006.07.23"]

1. e4 c5 2. Nf3 Nc6 3. Bb5 g6 4. O-O Bg7 5. Re1 Nf6 6. e5 Nd5 7. Nc3 Nc7 8.
Bxc6 dxc6 9. Ne4 b6 10. Nf6+ Kf8 11. Ne4 h6 12. h3 Kg8 13. d3 Ne6 14. Ng3
Qc7 15. Qe2 Bd7 16. Qe4 Rd8 17. b3 Bc8 18. Bb2 Qd7 19. Rad1 Nd4 20. Bxd4
cxd4 21. Qf4 Qd5 22. Ne2 c5 23. Qg3 g5 24. h4 f6 25. c3 fxe5 26. hxg5 Rd6
27. cxd4 cxd4 28. Rc1 Bd7 29. g6 Bf6 30. Rc7 h5 31. Nh4 Qe6 32. Rxa7 Kg7
33. f3 Bxh4 34. Qxh4 Qf6 35. Qxf6+ exf6 36. Ng3 Kxg6 37. Ne4 Rd5 38. Rb7 b5
39. Rc1 Bf5 40. Rc6 Rf8 41. Rbb6 Bxe4 42. fxe4 Rd7 43. Rxb5 Kg5 44. Kf2 h4
45. a4 Rh7 46. Rc1 Kg4 47. Rb6 h3 48. gxh3+ Rxh3 49. Rg1+ Kf4 50. Ke2 Rh2+
51. Kd1 Ke3 52. Rg3+ Kf4 53. Rg6 Ke3 54. Rg3+ Kf2 55. Rg6 Ke3 56. Rg3+ Kf4
57. Rg1 Ke3 58. Rg3+ Kf4 59. Rg1 Ke3 1/2-1/2